00428 2200181 4500001002100000005001500021008004100036020002200077035001900099041000700118082000800125090001400133100001300147245001800160260001500178300003300193650002000226INLIS00000000000862620241224113700241224||||||||| | ||| |||| || |  a978-602-6938-48-0 0010-1224008626 aid0 a503 a503 KIK t0 aKak Kiki00aTahukah Kamu? bLebah Buku a28x20,5 cm, 200 hlm.; ilus.: 0aIlmu-ilmu Murni